[Event "V. Art Pub Kupa"]
[Site "?"]
[Date "2014.08.09"]
[Round "4.4"]
[White "Repasi, Zoltan Sr"]
[Black "Terbe, Julianna"]
[Result "1/2-1/2"]
[WhiteElo "2090"]
[BlackElo "2030"]
[PlyCount "83"]
[EventDate "2014.08.07"]
[SourceDate "2014.08.07"]

1. e4 c5 2. Nf3 e6 3. d4 cxd4 4. Nxd4 Nf6 5. Nc3 Nc6 6. Ndb5 d6 7. Bf4 e5 8.
Bg5 a6 9. Na3 b5 10. Nd5 Be7 11. Bxf6 Bxf6 12. c3 Ne7 13. Nxf6+ gxf6 14. Nc2
Bb7 15. Bd3 d5 16. Qe2 f5 17. f3 fxe4 18. fxe4 dxe4 19. Bxe4 Bxe4 20. Qxe4 Qd5
21. Qxd5 Nxd5 22. g3 O-O 23. Ke2 f5 24. Ne3 Nxe3 25. Kxe3 Kf7 26. Rad1 Rad8 27.
Rhf1 Ke6 28. Ke2 a5 29. b3 Rc8 30. Rc1 Rc6 31. Rc2 Rfc8 32. Rfc1 e4 33. Ke3 Ke5
34. c4 bxc4 35. Rxc4 Rxc4 36. bxc4 h5 37. Rb1 Rxc4 38. Rb5+ Kf6 39. Kf4 e3+ 40.
Kxe3 Ra4 41. Rb2 Kg5 42. Kf3 1/2-1/2

[Event "V. Art Pub Kupa"]
[Site "?"]
[Date "2014.08.09"]
[Round "4.5"]
[White "Gasparics, Akos"]
[Black "Kovacs, Istvan"]
[Result "1/2-1/2"]
[WhiteElo "2002"]
[BlackElo "2209"]
[PlyCount "65"]
[EventDate "2014.08.07"]
[SourceDate "2014.08.07"]

1. e4 c5 2. c3 d5 3. exd5 Qxd5 4. d4 e6 5. Nf3 Nf6 6. a3 Nc6 7. Be3 Ng4 8. Bd3
Be7 9. O-O Nxe3 10. fxe3 O-O 11. Qc2 Qh5 12. Nbd2 b6 13. Rae1 Bb7 14. Ne4 Rad8
15. Qf2 Rd7 16. Ng3 Qh6 17. Bb5 Rdd8 18. e4 cxd4 19. Bxc6 Bxc6 20. Nxd4 Bc5 21.
e5 Bb5 22. Nge2 Ba6 23. b4 Bxd4 24. cxd4 Rc8 25. Qf4 Qxf4 26. Rxf4 Rc2 27. Ng3
Rfc8 28. Ne4 Rb2 29. Rf2 Rxf2 30. Kxf2 Rc2+ 31. Kf3 Bb7 32. h4 f5 33. exf6
1/2-1/2

[Event "V. Art Pub Kupa"]
[Site "?"]
[Date "2014.08.09"]
[Round "4.6"]
[White "Balla, Attila"]
[Black "Juhasz, Mark"]
[Result "0-1"]
[WhiteElo "1844"]
[BlackElo "2210"]
[PlyCount "50"]
[EventDate "2014.08.07"]
[SourceDate "2014.08.07"]

1. Nf3 c5 2. e4 d6 3. d3 Nc6 4. g3 g6 5. Bg2 Bg7 6. O-O e5 7. Nbd2 Nge7 8. Nc4
b5 9. Ne3 O-O 10. c3 Rb8 11. Nh4 b4 12. f4 bxc3 13. bxc3 exf4 14. Nd5 Nxd5 15.
exd5 Bxc3 16. dxc6 Bxa1 17. Bxf4 Bd4+ 18. Kh1 Bg7 19. Nf3 Rb2 20. Qa4 Re8 21.
c7 Qe7 22. Bd2 Qd7 23. Qxa7 Rb7 24. Qa8 Rxc7 25. Ba5 Ra7 0-1

[Event "V. Art Pub Kupa"]
[Site "?"]
[Date "2014.08.09"]
[Round "4.7"]
[White "Kormos, Adam"]
[Black "Szentgyorgyi, Sandor"]
[Result "1-0"]
[WhiteElo "2144"]
[BlackElo "1845"]
[PlyCount "151"]
[EventDate "2014.08.07"]
[SourceDate "2014.08.07"]

1. e4 c5 2. Nf3 d6 3. d4 cxd4 4. Nxd4 Nf6 5. Nc3 a6 6. Be3 e5 7. Nb3 Be7 8. Qd2
O-O 9. O-O-O Be6 10. f4 exf4 11. Bxf4 Qb6 12. Nd5 Nxd5 13. exd5 Bg4 14. Be2
Bxe2 15. Qxe2 Bf6 16. Qg4 a5 17. Rd3 Re8 18. c3 Na6 19. Bh6 Re7 20. Nd4 Nc5 21.
Re3 Rxe3 22. Bxe3 Re8 23. Qf3 Nd3+ 24. Kc2 Ne5 25. Nf5 Qb5 26. Qf1 Nc4 27. b3
Rxe3 28. Qxc4 Rxc3+ 29. Qxc3 Bxc3 30. Kxc3 g6 31. Nd4 Qc5+ 32. Kd3 Qxd5 33. Rg1
b5 34. g4 b4 35. g5 Qc5 36. Rg2 Qc3+ 37. Ke4 Kg7 38. Re2 Qc5 39. Nf3 d5+ 40.
Kf4 d4 41. Rd2 Qf5+ 42. Kg3 d3 43. Kf2 Qe4 44. Kg3 h6 45. h4 hxg5 46. hxg5 Qe3
47. Kg2 f5 48. Kg3 Kf7 49. Rd1 f4+ 50. Kg4 Qe2 51. Rd2 Qe3 52. Rxd3 Qe6+ 53.
Kxf4 Qf5+ 54. Ke3 Qc5+ 55. Ke2 Qb5 56. Kd2 a4 57. Rd7+ Ke8 58. Rd4 axb3 59.
axb3 Qf1 60. Ke3 Qc1+ 61. Ke4 Qc2+ 62. Rd3 Ke7 63. Kd4 Qb2+ 64. Ke4 Ke6 65.
Nd4+ Kf7 66. Rf3+ Kg8 67. Ke5 Kg7 68. Rf4 Qg2 69. Ne6+ Kh8 70. Kf6 Qd2 71. Kf7
Qh2 72. Kxg6 Qh7+ 73. Kf6 Kg8 74. g6 Qh8+ 75. Ke7 Qh4+ 76. Ke8 1-0

[Event "V. Art Pub Kupa"]
[Site "?"]
[Date "2014.08.09"]
[Round "4.8"]
[White "Karacsonyi, Gellert"]
[Black "Juhasz, Bela"]
[Result "1-0"]
[WhiteElo "1806"]
[BlackElo "2087"]
[PlyCount "37"]
[EventDate "2014.08.07"]
[SourceDate "2014.08.07"]

1. e4 c5 2. Nf3 e6 3. d4 cxd4 4. Nxd4 a6 5. Nc3 Qc7 6. Bd3 Nf6 7. O-O Be7 8.
Kh1 O-O 9. f4 d6 10. a4 Nc6 11. Nb3 b6 12. Be3 Re8 13. Qf3 Bb7 14. g4 Bf8 15.
g5 Nd7 16. h4 d5 17. Nd4 dxe4 18. Bxe4 Nc5 19. Bxc6 1-0

[Event "V. Art Pub Kupa"]
[Site "?"]
[Date "2014.08.09"]
[Round "4.9"]
[White "Cvetanovic, Damjan"]
[Black "Kunos, Zoltan"]
[Result "1-0"]
[WhiteElo "2078"]
[BlackElo "1846"]
[PlyCount "101"]
[EventDate "2014.08.07"]
[SourceDate "2014.08.07"]

1. d4 Nf6 2. c4 g6 3. Nc3 Bg7 4. e4 d6 5. Bg5 O-O 6. Be2 Nbd7 7. f4 Kh8 8. Nf3
Ng8 9. O-O c5 10. d5 h6 11. Bh4 a6 12. Qc2 Rb8 13. a4 Qe8 14. Rad1 f6 15. g4 g5
16. Bg3 Nb6 17. Ne1 Bd7 18. Ra1 Nc8 19. Ng2 Na7 20. h4 Qg6 21. Qd2 Rbd8 22. Bf2
Nc8 23. Kh2 Rf7 24. h5 Qh7 25. e5 dxe5 26. fxe5 fxe5 27. Bd3 e4 28. Bxe4 Be5+
29. Bg3 Bxg3+ 30. Kxg3 Qg7 31. Rxf7 Qxf7 32. Bg6 Qf6 33. Ne4 Qe5+ 34. Kh3 Nd6
35. Nxd6 Qxd6 36. Ne3 Qf4 37. Rf1 Qe5 38. Qc3 Qxc3 39. bxc3 Bxa4 40. Rf7 Nf6
41. Rxe7 Rf8 42. Nf5 Bd7 43. Nxh6 a5 44. Nf7+ Kg8 45. Ne5 Bc8 46. h6 a4 47. Bb1
Bxg4+ 48. Nxg4 Nxg4 49. Kxg4 a3 50. d6 b6 51. d7 1-0

[Event "V. Art Pub Kupa"]
[Site "?"]
[Date "2014.08.09"]
[Round "4.11"]
[White "Bohus, Adam"]
[Black "Abraham, Lajos"]
[Result "1-0"]
[WhiteElo "2029"]
[BlackElo "1803"]
[PlyCount "181"]
[EventDate "2014.08.07"]
[SourceDate "2014.08.07"]

1. d4 Nf6 2. c4 e6 3. Nc3 d5 4. Nf3 b6 5. e3 Bb7 6. cxd5 Nxd5 7. Nxd5 Qxd5 8.
Bd3 Bb4+ 9. Bd2 Qa5 10. O-O g6 11. Bxb4 Qxb4 12. Rc1 c6 13. Ne5 O-O 14. Qf3 Qe7
15. Be4 Qd6 16. Nxc6 Nxc6 17. Bxc6 Bxc6 18. Qxc6 Qb4 19. Qc3 Qa4 20. Qc4 Qd7
21. Qc6 Qe7 22. a3 Kg7 23. h3 Rad8 24. Rc2 Rd7 25. Rfc1 Rb8 26. Qe4 Rbb7 27.
Qe5+ f6 28. Qe4 Kf7 29. Rc8 Rbc7 30. R1xc7 Rxc7 31. Rh8 Kg7 32. Qa8 Qd6 33. g3
Kh6 34. Qe4 Kg7 35. Qa8 Kh6 36. Kg2 Rc2 37. Qe4 Qd5 38. Qxd5 exd5 39. Ra8 Rxb2
40. Rxa7 Ra2 41. Ra6 b5 42. Ra5 Rb2 43. Ra6 Kg5 44. Rd6 f5 45. Rxd5 Kf6 46. Rd7
h5 47. Rd6+ Kf7 48. Rb6 Rb3 49. Kf3 g5 50. h4 g4+ 51. Kf4 Rb2 52. Kxf5 Rxf2+
53. Kg5 Rf3 54. Kxh5 Rxg3 55. Rxb5 Rxe3 56. Kxg4 Re4+ 57. Kf5 Rxd4 58. Rb7+ Kg8
59. Rb4 Rd5+ 60. Kg6 Rd6+ 61. Kf5 Ra6 62. a4 Kf7 63. Ke5 Ke7 64. Kd5 Kd7 65.
Rb7+ Kc8 66. Rb4 Kc7 67. Ke5 Kd7 68. Kf5 Ke7 69. Kg5 Kf7 70. Kf5 Ra5+ 71. Kg4
Kg7 72. Rf4 Rc5 73. Kf3 Re5 74. Re4 Rf5+ 75. Ke3 Rd5 76. Rd4 Re5+ 77. Kd3 Kf6
78. Kc4 Ke6 79. Kb4 Re1 80. Kb5 Rb1+ 81. Rb4 Rd1 82. Kc6 Rc1+ 83. Kb6 Kd7 84.
a5 Kc8 85. Rb5 Kb8 86. h5 Rf1 87. Rc5 Rb1+ 88. Kc6 Rf1 89. Rd5 Rf6+ 90. Kd7 Rf2
91. h6 1-0

[Event "V. Art Pub Kupa"]
[Site "?"]
[Date "2014.08.09"]
[Round "4.12"]
[White "Pasztorcsik, Janos"]
[Black "Fekete, Martin"]
[Result "1/2-1/2"]
[WhiteElo "1997"]
[BlackElo "1842"]
[PlyCount "39"]
[EventDate "2014.08.07"]
[SourceDate "2014.08.07"]

1. d4 Nf6 2. c4 e6 3. Nf3 d5 4. Nc3 c6 5. Bg5 Nbd7 6. e3 Be7 7. cxd5 exd5 8.
Bd3 O-O 9. Qc2 h6 10. Bh4 b6 11. h3 Bb7 12. Bg3 Re8 13. O-O Rc8 14. Qe2 c5 15.
Ba6 Bxa6 16. Qxa6 Ra8 17. Nb5 Qc8 18. Qxc8 Rexc8 19. Nc7 Rab8 20. b3 1/2-1/2

[Event "V. Art Pub Kupa"]
[Site "?"]
[Date "2014.08.09"]
[Round "4.13"]
[White "Marta, Dominik"]
[Black "Persanyi, Barnabas"]
[Result "1-0"]
[WhiteElo "1963"]
[BlackElo "1737"]
[PlyCount "109"]
[EventDate "2014.08.07"]
[SourceDate "2014.08.07"]

1. d4 Nf6 2. Nf3 g6 3. c4 c5 4. Nc3 cxd4 5. Nxd4 Bg7 6. e4 d6 7. Be2 O-O 8. Be3
Nc6 9. O-O Bd7 10. Kh1 Rc8 11. Rc1 Ne5 12. b3 Neg4 13. Bg5 Qa5 14. Bh4 Qh5 15.
Bg3 Bh6 16. Rc2 e5 17. Nf3 Bf4 18. Bxf4 exf4 19. Qxd6 g5 20. Nd5 Nxd5 21. Qxd5
Bc6 22. Qxg5+ Qxg5 23. Nxg5 Nh6 24. Rd2 f6 25. Ne6 Rfe8 26. Nxf4 Rxe4 27. Nh5
Kf7 28. Bf3 Rh4 29. Bxc6 Rxc6 30. Ng3 Rc7 31. Rfd1 Re7 32. f3 Rf4 33. Kg1 Nf5
34. Ne4 b6 35. Rd3 h5 36. g3 Rfxe4 37. fxe4 Rxe4 38. Rd7+ Kg6 39. Rxa7 Re2 40.
Rad7 Rxa2 41. R7d2 Ra3 42. Rb1 h4 43. Kf2 hxg3+ 44. hxg3 Kg5 45. Kf3 Ne7 46.
Rd7 Nc6 47. Ke4 f5+ 48. Kd5 Na5 49. Ke6 Nxb3 50. Rg7+ Kh6 51. Kf6 Ra1 52. Rxb3
b5 53. cxb5 Ra2 54. b6 Ra6 55. Ra7 1-0

[Event "V. Art Pub Kupa"]
[Site "?"]
[Date "2014.08.09"]
[Round "4.14"]
[White "Fodor, Balazs"]
[Black "Lakatos, Tamas"]
[Result "0-1"]
[WhiteElo "1877"]
[BlackElo "1555"]
[PlyCount "96"]
[EventDate "2014.08.07"]
[SourceDate "2014.08.07"]

1. d4 Nf6 2. c4 g6 3. Nc3 d5 4. cxd5 Nxd5 5. e4 Nxc3 6. bxc3 Bg7 7. Be3 c5 8.
Rc1 cxd4 9. cxd4 O-O 10. Bc4 Qa5+ 11. Qd2 Qxd2+ 12. Kxd2 Rd8 13. Ne2 Nc6 14.
Kc3 Bd7 15. Rhd1 Rac8 16. Kb2 Na5 17. Bb3 Rxc1 18. Rxc1 Nxb3 19. axb3 a6 20.
Nc3 f5 21. e5 Bc6 22. g3 e6 23. Ne2 Kf7 24. Nf4 Rd7 25. Nd3 Bf8 26. h4 h5 27.
Nf4 Bh6 28. Ne2 Bf8 29. Nc3 Bb4 30. Na2 Bf8 31. Rd1 Rd5 32. Nc3 Rd7 33. Na4
Bxa4 34. bxa4 Rc7 35. Kb3 b5 36. Rc1 Rxc1 37. Bxc1 Ke8 38. Bd2 Kd7 39. a5 Kc6
40. Kc2 Kd5 41. Kd3 Ba3 42. f3 Bb2 43. Be3 Ba1 44. Bf2 b4 45. Be3 b3 46. Bf2 b2
47. Kc2 b1=Q+ 48. Kxb1 Bxd4 0-1

[Event "V. Art Pub Kupa"]
[Site "?"]
[Date "2014.08.09"]
[Round "4.15"]
[White "Firnigel, Janos"]
[Black "Schweighoffer, Martin"]
[Result "0-1"]
[WhiteElo "1795"]
[BlackElo "2000"]
[PlyCount "102"]
[EventDate "2014.08.07"]
[SourceDate "2014.08.07"]

1. d4 Nf6 2. c4 g6 3. Nc3 d5 4. e3 Bg7 5. Be2 O-O 6. h3 c5 7. Nf3 cxd4 8. Nxd4
dxc4 9. Bxc4 a6 10. Be2 e5 11. Nb3 Qe7 12. O-O Nc6 13. e4 Rd8 14. Qe1 Nd4 15.
Be3 Nc2 16. Qc1 Nxa1 17. Qxa1 Be6 18. Nc5 Rac8 19. Nxe6 Qxe6 20. Bg5 h5 21. Rd1
Rd4 22. f3 Rxd1+ 23. Bxd1 Qb6+ 24. Kf1 Nh7 25. Nd5 Qc5 26. Be3 Qd6 27. b4 Nf8
28. Bc5 Rxc5 29. bxc5 Qxc5 30. a4 Ne6 31. Qb1 b5 32. axb5 axb5 33. Be2 Nd4 34.
Bd3 Bh6 35. Nf6+ Kg7 36. Nd5 Bg5 37. Qb2 Bc1 38. Qb1 Ba3 39. f4 exf4 40. Nxf4
b4 41. Ne2 Ne6 42. Qa1+ f6 43. Qb1 Qe5 44. Qc2 Nc5 45. Qc4 b3 46. Bb1 Qb2 47.
Nc3 Qc1+ 48. Ke2 Kh6 49. Bd3 Qg1 50. Kf3 Bc1 51. Qd4 Qxd4 0-1

[Event "V. Art Pub Kupa"]
[Site "?"]
[Date "2014.08.09"]
[Round "4.16"]
[White "Csalami, Gabor"]
[Black "Mako, Zoltan"]
[Result "1-0"]
[WhiteElo "1794"]
[BlackElo "1974"]
[PlyCount "79"]
[EventDate "2014.08.07"]
[SourceDate "2014.08.07"]

1. e4 d6 2. d4 Nf6 3. Nc3 g6 4. f3 Bg7 5. Be3 c6 6. Qd2 b5 7. Bd3 Nbd7 8. Nge2
a5 9. O-O b4 10. Nd1 Qc7 11. Bh6 Bxh6 12. Qxh6 c5 13. c3 c4 14. Bc2 Ba6 15. Ba4
Rb8 16. Qg7 Rg8 17. Bxd7+ Qxd7 18. Qh6 g5 19. Nf2 Bc8 20. g4 Rg6 21. Qh3 Kd8
22. Ng3 Qe8 23. Nd1 h5 24. Nxh5 Nxh5 25. Qxh5 e6 26. Qh3 Qf8 27. Ne3 Ba6 28.
Qg3 Kd7 29. Rad1 Rh6 30. d5 e5 31. Nf5 Rh7 32. Qf2 Rb7 33. Kg2 Qh8 34. Rh1 Qb8
35. h4 bxc3 36. bxc3 Rb2 37. Rd2 Rb1 38. Rxb1 Qxb1 39. h5 Rh8 40. Rb2 1-0

[Event "V. Art Pub Kupa"]
[Site "?"]
[Date "2014.08.09"]
[Round "4.17"]
[White "Pinter, Tamas"]
[Black "Bellan, Istvan"]
[Result "0-1"]
[WhiteElo "1630"]
[BlackElo "1884"]
[PlyCount "144"]
[EventDate "2014.08.07"]
[SourceDate "2014.08.07"]

1. c4 Nf6 2. Nf3 e6 3. Nc3 d5 4. e3 Be7 5. d4 O-O 6. Bd3 c6 7. Qc2 Nbd7 8. h3
h6 9. e4 dxe4 10. Nxe4 Nxe4 11. Bxe4 Nf6 12. Bd3 c5 13. Be3 cxd4 14. Bxd4 Bb4+
15. Bc3 Bxc3+ 16. Qxc3 b6 17. O-O Bb7 18. Rad1 Qc7 19. Bb1 Rfd8 20. Nh2 Qc6 21.
Qf3 Qxf3 22. Nxf3 Bxf3 23. gxf3 Rac8 24. b3 Kf8 25. Be4 Ke7 26. Bb7 Rxd1 27.
Rxd1 Rd8 28. Rxd8 Kxd8 29. b4 Kc7 30. Be4 Kd6 31. Bd3 Nd7 32. f4 a5 33. a3 axb4
34. axb4 Nb8 35. Be4 Na6 36. b5 Nb4 37. Bh7 g6 38. h4 Nd3 39. h5 Nxf4 40. hxg6
fxg6 41. Kh2 Kc5 42. Kg3 g5 43. Be4 Kxc4 44. Bc6 Kd4 45. Kg4 Ke5 46. f3 Kf6 47.
Be8 e5 48. Kg3 h5 49. Bd7 h4+ 50. Kh2 Ne2 51. Kh3 Nd4 52. Kg4 Nc2 53. Bc8 Ne3+
54. Kh3 Ke7 55. Bb7 Kd6 56. Be4 Kc5 57. Bd3 Kd4 58. Bg6 Nd5 59. Be8 Nf4+ 60.
Kh2 Ke3 61. Bc6 Nd3 62. Kg2 Kf4 63. Bb7 Nc5 64. Bc6 e4 65. fxe4 Nxe4 66. Kh2 g4
67. Kg1 Ng5 68. Kg2 h3+ 69. Kh1 g3 70. Bb7 Ne4 71. Kg1 h2+ 72. Kg2 Nf2 0-1

[Event "V. Art Pub Kupa"]
[Site "?"]
[Date "2014.08.09"]
[Round "4.18"]
[White "Kovacs, Gabor Etele"]
[Black "Zahonyi-Abel, Mark"]
[Result "1/2-1/2"]
[WhiteElo "1662"]
[BlackElo "1865"]
[PlyCount "43"]
[EventDate "2014.08.07"]
[SourceDate "2014.08.07"]

1. e4 d5 2. exd5 Qxd5 3. Nc3 Qa5 4. d4 c6 5. Nf3 Nf6 6. Bc4 Bf5 7. Bd2 Qc7 8.
Ne5 e6 9. Bf4 Bd6 10. Qe2 Nbd7 11. h3 Nb6 12. Bb3 O-O-O 13. O-O-O Nfd5 14. Bd2
f6 15. Nc4 Nxc4 16. Bxc4 Rhe8 17. Qf3 Bg6 18. Rhe1 b5 19. Bd3 Bxd3 20. Qxd3 g6
21. Nxd5 exd5 22. g3 1/2-1/2

[Event "V. Art Pub Kupa"]
[Site "?"]
[Date "2014.08.09"]
[Round "4.19"]
[White "Veress, Gaspar"]
[Black "Pasztor, Bence"]
[Result "1-0"]
[WhiteElo "1857"]
[BlackElo "1523"]
[PlyCount "119"]
[EventDate "2014.08.07"]
[SourceDate "2014.08.07"]

1. b3 e5 2. Bb2 Nc6 3. e3 d5 4. Bb5 Bd6 5. Nf3 Qe7 6. c4 dxc4 7. bxc4 Bd7 8.
O-O Nf6 9. c5 Bxc5 10. Bxc6 Bxc6 11. Nxe5 Bd5 12. d4 Bd6 13. Qa4+ c6 14. Nc3
O-O 15. Nxd5 cxd5 16. Rac1 Rfd8 17. Rfd1 Nd7 18. Qb3 Nxe5 19. dxe5 Bxe5 20.
Bxe5 Qxe5 21. Qxb7 Qe6 22. Rd4 Rab8 23. Qxa7 Ra8 24. Qb7 Rxa2 25. Rxd5 Raa8 26.
Rxd8+ Rxd8 27. g3 h6 28. Rc7 Rd1+ 29. Kg2 Qd5+ 30. Qxd5 Rxd5 31. h4 h5 32. f4
g6 33. Kf3 Kg7 34. e4 Rd3+ 35. Kf2 Rd4 36. Ke3 Rd1 37. e5 Re1+ 38. Kd4 Re2 39.
Kd5 Re3 40. Kd6 Rd3+ 41. Ke7 Rxg3 42. Ke8 Ra3 43. Rxf7+ Kg8 44. e6 Ra6 45. Ke7
Rb6 46. Kf6 Ra6 47. Rg7+ Kf8 48. Rxg6 Ra7 49. f5 Rf7+ 50. Ke5 Ra7 51. f6 Ra5+
52. Kf4 Ra4+ 53. Kg5 Ra8 54. Rh6 Kg8 55. f7+ Kg7 56. Rg6+ Kh7 57. Kxh5 Ra5+ 58.
Rg5 Ra4 59. f8=R Re4 60. Rfg8 1-0

[Event "V. Art Pub Kupa"]
[Site "?"]
[Date "2014.08.09"]
[Round "4.20"]
[White "Bartuszek, Andras"]
[Black "Csajbok, Levente Tamas"]
[Result "1-0"]
[WhiteElo "1884"]
[BlackElo "1319"]
[PlyCount "61"]
[EventDate "2014.08.07"]
[SourceDate "2014.08.07"]

1. e4 e5 2. Nf3 Nc6 3. Bb5 a6 4. Ba4 Nf6 5. d3 b5 6. Bb3 Bc5 7. c3 h6 8. O-O
O-O 9. Be3 Qe7 10. Nh4 d5 11. exd5 Na5 12. Ng6 Qd6 13. Bxc5 Qxc5 14. Nxf8 Kxf8
15. Bc2 Bb7 16. Nd2 Qxd5 17. Ne4 Nd7 18. b4 Qe6 19. bxa5 Qg6 20. Ng3 Nf6 21. f3
Nd5 22. d4 Qd6 23. dxe5 Qxe5 24. Re1 Qxc3 25. Qe2 Qxa5 26. Rad1 c5 27. Rxd5 Qc7
28. Re5 Bc6 29. Rxc5 Qa7 30. Qf2 Qb7 31. Rxc6 1-0

[Event "V. Art Pub Kupa"]
[Site "?"]
[Date "2014.08.09"]
[Round "4.21"]
[White "Dibusz, Domonkos"]
[Black "Schubert, Gyula"]
[Result "1/2-1/2"]
[WhiteElo "1456"]
[BlackElo "2033"]
[PlyCount "73"]
[EventDate "2014.08.07"]
[SourceDate "2014.08.07"]

1. e4 d6 2. d4 Nf6 3. Nc3 g6 4. Be3 c6 5. Nf3 Bg7 6. Qd2 b5 7. Bd3 O-O 8. O-O-O
Nbd7 9. h3 Re8 10. g4 Qa5 11. Kb1 Nb6 12. Nd5 Qxd2 13. Nxf6+ exf6 14. Nxd2 a6
15. Rdg1 Nd7 16. h4 c5 17. c3 Bb7 18. h5 Rac8 19. Bf4 d5 20. f3 Bf8 21. hxg6
fxg6 22. g5 dxe4 23. Bxe4 Bxe4+ 24. Nxe4 f5 25. Nxc5 Nxc5 26. dxc5 Bxc5 27. Rd1
Rcd8 28. Bc7 Rc8 29. Bd6 Be3 30. f4 Re6 31. Be5 Rce8 32. Rd7 R6e7 33. Rd6 Re6
34. Rd7 R8e7 35. Rd8+ Re8 36. Rd7 R6e7 37. Rd6 1/2-1/2

[Event "V. Art Pub Kupa"]
[Site "?"]
[Date "2014.08.09"]
[Round "4.22"]
[White "Farkas, Janos"]
[Black "Jurak, Miklosne"]
[Result "1-0"]
[WhiteElo "1769"]
[BlackElo "1691"]
[PlyCount "67"]
[EventDate "2014.08.07"]
[SourceDate "2014.08.07"]

1. e4 c6 2. d4 d5 3. Nc3 dxe4 4. Nxe4 Bf5 5. Ng3 Bg6 6. N1e2 Nf6 7. Nf4 Nbd7 8.
Bc4 e6 9. h4 Bd6 10. Qe2 Bxf4 11. Bxf4 O-O 12. O-O-O b5 13. Bb3 a5 14. h5 Bf5
15. Nxf5 exf5 16. c3 b4 17. cxb4 axb4 18. Kb1 Nd5 19. Bd2 N7f6 20. f3 Re8 21.
Qd3 f4 22. g4 fxg3 23. Rdg1 Qd6 24. Rh3 Nf4 25. Bxf4 Qxf4 26. Rhxg3 Nxh5 27.
Rg4 Qh6 28. Qf5 Ra7 29. Rg5 Rae7 30. Bd1 Nf6 31. Rxg7+ Kh8 32. R7g3 Re1 33. Rh3
Rxg1 34. Rxh6 1-0

[Event "V. Art Pub Kupa"]
[Site "?"]
[Date "2014.08.09"]
[Round "4.23"]
[White "Csatho, Gabor"]
[Black "Gorog, Almos"]
[Result "0-1"]
[WhiteElo "1766"]
[BlackElo "1627"]
[PlyCount "120"]
[EventDate "2014.08.07"]
[SourceDate "2014.08.07"]

1. e4 e6 2. d4 d5 3. e5 c5 4. c3 Nc6 5. Nf3 Qb6 6. a3 c4 7. Nbd2 Bd7 8. b3 cxb3
9. Nxb3 Na5 10. Nxa5 Qxa5 11. Bb2 Ne7 12. Bd3 Bb5 13. O-O Bxd3 14. Qxd3 Nc6 15.
Ng5 h6 16. Nh3 Be7 17. f4 O-O-O 18. f5 Qb6 19. Rf2 Nxe5 20. dxe5 Bc5 21. Rb1
Bxf2+ 22. Nxf2 Qc7 23. Qd4 b6 24. a4 Qc4 25. Qxc4+ dxc4 26. fxe6 fxe6 27. Ne4
Rd5 28. Nd6+ Kd7 29. Rf1 Ra5 30. Rf7+ Kc6 31. Nb5 Rxa4 32. Nxa7+ Kd5 33. Nb5
Kxe5 34. Ba3 Rd8 35. Bb4 Rd2 36. h3 g6 37. Nd4 Kd5 38. Nf3 Rd1+ 39. Kh2 Kc6 40.
Rf6 Kb5 41. Rxe6 Rxb4 42. cxb4 c3 43. Re2 Kxb4 44. Ne1 Rxe1 45. Rxe1 c2 46. Kg3
Kb3 47. Kf4 Kb2 48. Ke4 c1=Q 49. Rxc1 Kxc1 50. g4 Kd2 51. Kd4 Ke2 52. h4 Kf3
53. g5 hxg5 54. hxg5 Kf4 55. Kc4 Kxg5 56. Kb5 Kf4 57. Kxb6 g5 58. Kc5 g4 59.
Kc4 g3 60. Kd3 Kf3 0-1

[Event "V. Art Pub Kupa"]
[Site "?"]
[Date "2014.08.09"]
[Round "4.24"]
[White "Kratzmajer, Akos Gyorgy"]
[Black "Lakat, Gyula"]
[Result "0-1"]
[WhiteElo "1328"]
[BlackElo "1756"]
[PlyCount "44"]
[EventDate "2014.08.07"]
[SourceDate "2014.08.07"]

1. e4 d5 2. exd5 Nf6 3. d4 Nxd5 4. c4 Nb6 5. Nf3 g6 6. Be2 Bg7 7. O-O O-O 8.
Be3 Bg4 9. Na3 Nc6 10. h3 Bxf3 11. Bxf3 Qd7 12. Bxc6 Qxc6 13. c5 Nd5 14. Qd2
Rfd8 15. Bh6 Bh8 16. f4 f5 17. Nc4 Nf6 18. Qc3 Ne4 19. Qb3 Bxd4+ 20. Kh2 Nxc5
21. Qa3 Qa4 22. Rad1 Qxc4 0-1

[Event "V. Art Pub Kupa"]
[Site "?"]
[Date "2014.08.09"]
[Round "4.25"]
[White "Lengyel, Andrea"]
[Black "Karacsonyi, Kata"]
[Result "1-0"]
[WhiteElo "1748"]
[BlackElo "1377"]
[PlyCount "69"]
[EventDate "2014.08.07"]
[SourceDate "2014.08.07"]

1. d4 Nf6 2. c4 e6 3. Nf3 d5 4. Nc3 c6 5. e3 Nbd7 6. Be2 dxc4 7. Bxc4 Be7 8.
O-O O-O 9. e4 Re8 10. Bd3 b6 11. Qc2 h6 12. e5 Nd5 13. Bh7+ Kh8 14. Be4 Ba6 15.
Re1 Nb4 16. Qd1 Rc8 17. a3 Nd5 18. Bd2 Qc7 19. Qc1 Kg8 20. Qd1 Nxc3 21. bxc3 c5
22. d5 exd5 23. Bxd5 Rcd8 24. e6 fxe6 25. Bxe6+ Kh8 26. Bf7 Bf6 27. Rxe8+ Rxe8
28. Bxe8 Nf8 29. Ba4 Bb7 30. Bc2 Qd7 31. Bf4 Qf7 32. Be5 Bxe5 33. Nxe5 Qf6 34.
Qd8 Qf4 35. Ng6+ 1-0

[Event "V. Art Pub Kupa"]
[Site "?"]
[Date "2014.08.09"]
[Round "4.26"]
[White "Tamasi, Zoltan"]
[Black "B. Kiss, Tamas"]
[Result "1-0"]
[WhiteElo "1736"]
[BlackElo "1439"]
[PlyCount "51"]
[EventDate "2014.08.07"]
[SourceDate "2014.08.07"]

1. e4 e6 2. d3 d5 3. Nd2 c5 4. Ngf3 Nc6 5. g3 Nf6 6. Bg2 b5 7. O-O c4 8. e5 Nd7
9. d4 b4 10. Re1 Be7 11. Nf1 f6 12. exf6 Nxf6 13. Ng5 Qb6 14. Nxe6 Bxe6 15.
Rxe6 Qxd4 16. Be3 Qxd1 17. Rxd1 Kd7 18. Bh3 Kc7 19. Bf4+ Kb7 20. Ne3 Bc5 21.
Nxd5 Rad8 22. Bg2 Ng4 23. Be3 Bxe3 24. Nxe3 Rxd1+ 25. Nxd1 Nge5 26. Rxe5 1-0

[Event "V. Art Pub Kupa"]
[Site "?"]
[Date "2014.08.09"]
[Round "4.28"]
[White "Ronai, Akos Balazs"]
[Black "Toth, Nikoletta"]
[Result "1-0"]
[WhiteElo "1702"]
[BlackElo "1193"]
[PlyCount "91"]
[EventDate "2014.08.07"]
[SourceDate "2014.08.07"]

1. e4 e5 2. Nf3 Nc6 3. Bb5 a6 4. Ba4 Be7 5. O-O b5 6. Bb3 Nf6 7. Re1 d6 8. h3
Be6 9. Bxe6 fxe6 10. c3 O-O 11. d4 exd4 12. cxd4 d5 13. e5 Ne4 14. Nbd2 Nxd2
15. Bxd2 Qe8 16. Be3 Qg6 17. Rc1 Nb4 18. Rxc7 Bd8 19. Rc3 Ba5 20. a3 Na2 21.
Rb3 Rxf3 22. Qxf3 Bxe1 23. Qd1 Ba5 24. Qa1 Qc2 25. Qxa2 Qd1+ 26. Kh2 Bd2 27.
Rd3 Qa4 28. Rxd2 b4 29. b3 Qa5 30. axb4 Qxb4 31. Qa4 Qb7 32. Ra2 h6 33. b4 Kh7
34. b5 a5 35. Qc2+ Kh8 36. Qc6 Qxc6 37. bxc6 Kg8 38. Bd2 a4 39. Bb4 Kf7 40. Bd6
Ke8 41. c7 Kd7 42. Rb2 a3 43. Rb8 Rxb8 44. cxb8=Q a2 45. Qc7+ Ke8 46. Qe7# 1-0

[Event "V. Art Pub Kupa"]
[Site "?"]
[Date "2014.08.09"]
[Round "4.29"]
[White "Szurkos, Andras"]
[Black "Papp, Andrea"]
[Result "1-0"]
[WhiteElo "1775"]
[BlackElo "1548"]
[PlyCount "31"]
[EventDate "2014.08.07"]
[SourceDate "2014.08.07"]

1. e4 e5 2. Nc3 Nf6 3. f4 d6 4. Nf3 exf4 5. Bc4 Be7 6. d4 Nxe4 7. Bxf7+ Kxf7 8.
Nxe4 Bf5 9. Qd3 g6 10. Qb3+ d5 11. Nf2 Na6 12. Bxf4 Bb4+ 13. c3 Bd6 14. Be5 Re8
15. O-O Be4 16. Nxe4 1-0

[Event "V. Art Pub Kupa"]
[Site "?"]
[Date "2014.08.09"]
[Round "4.30"]
[White "Ambrus, Bence"]
[Black "Pasztor, Balazs"]
[Result "1-0"]
[WhiteElo "1623"]
[BlackElo "1410"]
[PlyCount "79"]
[EventDate "2014.08.07"]
[SourceDate "2014.08.07"]

1. e4 e5 2. Nf3 Nc6 3. d4 exd4 4. Nxd4 Bc5 5. Be3 Bb6 6. Nxc6 bxc6 7. Bxb6 cxb6
8. Nc3 Ne7 9. Bc4 O-O 10. Qd6 Ng6 11. O-O Qe7 12. Rad1 Re8 13. Rfe1 a5 14. a4
Qxd6 15. Rxd6 Kf8 16. f3 f6 17. Nd1 Ne5 18. Ne3 Nxc4 19. Nxc4 Rb8 20. Red1 Kf7
21. R6d2 Re7 22. Nd6+ Kg6 23. Nxc8 Rxc8 24. Rxd7 Re6 25. Rb7 c5 26. Rdd7 Rg8
27. Kf2 Kg5 28. Rxg7+ Rxg7 29. Rxg7+ Kh6 30. Rd7 Kg6 31. Rd5 Re7 32. Rd6 Rb7
33. c4 Kg5 34. g3 h6 35. f4+ Kg6 36. e5 Kf7 37. Rxf6+ Kg7 38. Rd6 h5 39. e6 Kf6
40. Rd7 1-0

[Event "V. Art Pub Kupa"]
[Site "?"]
[Date "2014.08.09"]
[Round "5.1"]
[White "Teglas, Balazs"]
[Black "Kovacs, David"]
[Result "1/2-1/2"]
[WhiteElo "2182"]
[BlackElo "2201"]
[PlyCount "90"]
[EventDate "2014.08.07"]
[SourceDate "2014.08.07"]

1. d4 d5 2. Bf4 Nf6 3. e3 c5 4. c3 Qb6 5. Qb3 Qxb3 6. axb3 cxd4 7. exd4 Nc6 8.
Bd3 e6 9. Nf3 Be7 10. h3 O-O 11. Nbd2 Bd7 12. b4 a5 13. b5 Na7 14. Rxa5 Nxb5
15. Rxa8 Rxa8 16. O-O Nd6 17. Bb1 Bb5 18. Re1 Nd7 19. Ne5 Nxe5 20. Bxe5 Nc4 21.
Nxc4 Bxc4 22. Bf4 b5 23. Bd2 Bf6 24. f4 b4 25. Kf2 g6 26. Ke3 b3 27. g4 Kg7 28.
Bd3 Bxd3 29. Kxd3 Ra4 30. Rc1 Ra2 31. Rb1 Ra4 32. Re1 Kf8 33. f5 gxf5 34. gxf5
Ke7 35. Re2 Kd7 36. fxe6+ fxe6 37. Rg2 Ra2 38. Bf4 Ra1 39. c4 Rf1 40. Be3 Rf3
41. cxd5 Rxh3 42. dxe6+ Kxe6 43. Rg8 h6 44. Ke4 Rh1 45. Kd3 Rh3 1/2-1/2